LEADER 02441nam 2200613 a 450 001 9910493216103321 005 20170814173516.0 010 $a1-283-53980-2 010 $a9786613852250 010 $a0-335-24389-4 035 $a(CKB)2560000000089531 035 $a(EBL)990480 035 $a(OCoLC)809768510 035 $a(SSID)ssj0000971088 035 $a(PQKBManifestationID)11619569 035 $a(PQKBTitleCode)TC0000971088 035 $a(PQKBWorkID)10929705 035 $a(PQKB)10241234 035 $a(MiAaPQ)EBC990480 035 $a(EXLCZ)992560000000089531 100 $a20120822d2012 uy 0 101 0 $aeng 135 $aur|n|---||||| 181 $ctxt 182 $cc 183 $acr 200 10$aDeveloping successful diversity mentoring programmes$b[electronic resource] $ean international casebook /$fDavid Clutterbuck, Kirsten M. Poulsen and Frances Kochan 210 $aMaidenhead, England ;$aNew York $cOpen University Press$d2012 215 $a1 online resource (258 p.) 300 $aDescription based upon print version of record. 311 $a0-335-24388-6 320 $aIncludes bibliographical references and index. 327 $aFront cover; Half title; Title; Copyright; Praise for this book; Dedication; Contents; About the editors; Contributors; Foreword; 1 Understanding diversity mentoring; 2 The learning and development processes of diversity mentoring; 3 Mentoring in the context of disability; 4 Mentoring in the context of gender and sexual preference; 5 Mentoring in the context of race and culture; 6 A comprehensive view of mentoring programs for diversity; Index; Back cover 330 $aA volume of mentoring principles to integrate minorities, improve community relations and harness the creative potential of different perspectives. 606 $aCultural pluralism 606 $aToleration 606 $aMentoring 608 $aElectronic books. 615 0$aCultural pluralism. 615 0$aToleration. 615 0$aMentoring. 676 $a658.3 676 $a658.3/124 676 $a658.3124 700 $aClutterbuck$b David$0722724 701 $aPoulsen$b Kirsten M$01050921 701 $aKochan$b Frances$01050922 801 0$bMiAaPQ 801 1$bMiAaPQ 801 2$bMiAaPQ 906 $aBOOK 912 $a9910493216103321 996 $aDeveloping successful diversity mentoring programmes$92481069 997 $aUNINA LEADER 02039nas 2200649-a 450 001 996199502303316 005 20240413013513.0 011 $a1796-6191 035 $a(DE-599)ZDB2561999-8 035 $a(CKB)1000000000289931 035 $a(CONSER)--2008209621 035 $a(EXLCZ)991000000000289931 100 $a20080505a20069999 --- b 101 0 $aeng 181 $ctxt$2rdacontent 182 $cc$2rdamedia 183 $acr$2rdacarrier 200 00$aFinnish yearbook of population research 210 $aHelsinki, Finland $cVäestöliitto, the Family Federation of Finland 215 $a1 online resource 300 $aRefereed/Peer-reviewed 311 08$aPrint version: Finnish yearbook of population research. 1796-6183 (DLC) 2008209621 (OCoLC)227011776 517 1 $aPopulation research 531 0 $aFinn. yearb. popul. res. 606 $aPopulation$vPeriodicals 606 $aDemography$vPeriodicals 606 $aDémographie$vPériodiques 606 $aDemography$2fast 606 $aPopulation$2fast 606 $aBevölkerung$2stw 606 $aFinnland$2stw 607 $aFinland$xPopulation$vStatistics$vPeriodicals 607 $aFinland$2fast$1https://id.oclc.org/worldcat/entity/E39PBJtMjwrX6pdK3hJc64v8md 608 $aperiodicals.$2aat 608 $aStatistics$2fast 608 $aPeriodicals$2fast 608 $aStatistics.$2lcgft 608 $aPeriodicals.$2lcgft 608 $aStatistiques.$2rvmgf 608 $aPériodiques.$2rvmgf 615 0$aPopulation 615 0$aDemography 615 6$aDémographie 615 7$aDemography 615 7$aPopulation 615 7$aBevölkerung. 615 7$aFinnland. 676 $a304.6/05 686 $a3,4$2ssgn 686 $a620$a790$2zdbs 712 02$aVäestöntutkimuslaitos (Finland) 712 02$aSuomen väestötieteen yhdistys. 906 $aJOURNAL 912 $a996199502303316 920 $aexl_impl conversion 996 $aFinnish yearbook of population research$92281481 997 $aUNISA